000 00800cam a2200253 a 4500
001 000002893
005 20200929150258.0
008 840801s1982 sp 001 p spa
020 _a8420619205
040 _aDO-SdBNP
_cDLC
_dDLC
082 _a861.64
_bG589a
100 1 _aGonzález, Angel,
_d1925-2008.
_99193
245 1 0 _aAntología poética /
_cAngel González ; introducción de Luis Izquierdo.
260 _aMadrid :
_bAlianza,
_c1982.
300 _a160 p. ;
_c18 cm.
490 1 _aEl Libro de bolsillo
_vno. 920
490 1 _aLiteratura
650 4 _aPoesía española
_9631
650 4 _aLiteratura española
_9632
700 1 _aIzquierdo, Luis,
_eintrod.
_99194
830 3 _aEl Libro de bolsillo ;
_vno. 920
_94072
830 0 _aLiteratura
_98095
910 _aCatalogación por copia / LC
999 _c2727
_d2727